Ekoznačku môže mať aj obal
V súvislosti s potravinárskymi výrobkami sa problematika bio a eko spája u spotrebiteľov, aj u mnohých producentov najmä s obsahom výrobku. Zásadný vplyv na ekológiu má však aj samotný obal. Medzinárodná nezisková organizácia PEFC.
Guardado en:
| Formato: | Capítulo de libro |
|---|---|
| Lenguaje: | eslovaco |
| Materias: | |
| Etiquetas: |
Sin Etiquetas, Sea el primero en etiquetar este registro!
|
MARC
| LEADER | 00000naa a2200000 4500 | ||
|---|---|---|---|
| 001 | 0192147 | ||
| 005 | 20231208070332.2 | ||
| 041 | 0 | |a slo | |
| 044 | |a SK | ||
| 245 | 1 | 0 | |a Ekoznačku môže mať aj obal |
| 520 | |a V súvislosti s potravinárskymi výrobkami sa problematika bio a eko spája u spotrebiteľov, aj u mnohých producentov najmä s obsahom výrobku. Zásadný vplyv na ekológiu má však aj samotný obal. Medzinárodná nezisková organizácia PEFC. | ||
| 610 | 2 | 0 | |a lesy |
| 610 | 2 | 0 | |a certifikácia |
| 610 | 2 | 0 | |a obaly |
| 610 | 2 | 0 | |a značky environmentálne |
| 610 | 2 | 0 | |a organizácie medzinárodné |
| 610 | 2 | 0 | |a organizácie neziskové |